00329nam a2200109Ia 4500008004100000082001300041100001700054245003400071942000600105952009500111999001300206240331s9999 xx 000 0 und d a149bDEC aCritchley, D 0aDeconstruction and pragmatism cL 001040708LaWERCLbWERCLcSSCd2024-03-31l0o 149 DECp2256r2024-03-31w2024-03-31yL c721d721